| 000 | 01101cam a2200217 4500 | ||
|---|---|---|---|
| 001 | ABS63260 | ||
| 008 | 000000n2000 000 0 eng u | ||
| 035 | _a(Sirsi) u110106 | ||
| 100 | _aBrewer, G | ||
| 245 | _aContract arrangements | ||
| 260 | _c2000 | ||
| 490 |
_aContract Journal _v406(6305) 29 November 2000, 25(1) |
||
| 520 | _aLooks at retrospective effects of contracts and the implication for the Construction Act referring to the decision in "Atlas Ceiling & Partition Company Ltd v Crowngate Estates (Cheltenham) Ltd". A contract may be made on the date when outstanding matters of agreement between the parties are resolved and have retrospective effect: this gives rise to a situation where disputes which arise prior to 1 May 1998 are nevertheless brought within the ambit of the Act. | ||
| 590 | _aABS | ||
| 650 | _aCONTRACT CLAIMS | ||
| 650 | _aATLAS CEILING & PARTITION COMPANY V CROWNGATE ESTATES | ||
| 650 | _aHOUSING GRANTS, CONSTRUCTION AND REGENERATION ACT 1996 | ||
| 650 | _aRETROSPECTIVE EFFECT | ||
| 690 | _aBUILT ENVIRONMENT-BUILDING CONTRACT FORMS | ||
| 942 | _n0 | ||
| 999 |
_c65667 _d65667 |
||